00000000cam 2200000zi 4500
0019.957394
003CaOODSP
00520260603085355
006m     o  d f      
007cr cn ||||||||
008251118t20252025onc     ob   f000 0 fre d
020 |a9780660797717
040 |aCaOODSP|bfre|erda|cCaOODSP
043 |an-cn---
0861 |aT94-105/2025F-PDF
24503|aLe droit international et le droit à un logement suffisant pour les femmes, les personnes bispirituelles, transgenres et issues de la diversité de genre.
264 1|aOttawa (Ontario) : |bLogement, infrastructures et collectivités Canada, |c2025.
264 4|c©2025
300 |a1 ressource en ligne (40 pages)
336 |atexte|btxt|2rdacontent/fre
337 |ainformatique|bc|2rdamedia/fre
338 |aressource en ligne|bcr|2rdacarrier/fre
500 |aPublié aussi en anglais sous le titre : International law and the human right to adequate housing for women, two-spirit, trans, and gender diverse people.
500 |a« Conseil national du logement. »
500 |a« La commission d’examen Neha. »
504 |aComprend des références bibliographiques.
650 6|aDroit au logement|zCanada.
650 6|aFemmes|xLogement|zCanada.
650 6|aPersonnes bispirituelles|xLogement|zCanada.
650 6|aTransgenres|xLogement|zCanada.
650 6|aPersonnes de genre non conforme|xLogement|zCanada.
7101 |aCanada. |bLogement, infrastructures et collectivités Canada, |eorganisme de publication.
77508|tInternational law and the human right to adequate housing for women, two-spirit, trans, and gender diverse people.|w(CaOODSP)9.957393
85640|qPDF|s794 Ko|uhttps://publications.gc.ca/collections/collection_2026/licc-hicc/T94-105-2025-fra.pdf